00456 2200181 4500001002100000005001500021035002000036245005100056100001500107250000600122300003100128260003800159082001100197084001700208020002200225650001000247990001700257INLIS00000000000040420181023104435 a0010-10180000941 aEnsiklopedia Fiqih :bSer Ibadah /cAli Rif'an0 aAli Rif'an a- a64 hlm. :bilus. ;c25 cm. aCirebon :bCV Gunung Djati,c2009 a297.14 a297.14 ALI e a978-979-1795-70-8 aFiqih a01529/P/2018